| 000 | 00522nam a22001697a 4500 | ||
|---|---|---|---|
| 005 | 20251108165953.0 | ||
| 008 | 250721s1985 xx 000 0 ara d | ||
| 082 | 1 | 4 | _aق/بهج |
| 100 | 1 |
_aبهجت، أحمد _eمؤلف |
|
| 245 | 1 | 0 | _aحوار بين طفل ساذج و قط مثقف / |
| 264 | 1 |
_aالقاهرة : _bمركز الأهرام للترجمة و النشر، _c1985. |
|
| 300 | _a119ص. | ||
| 650 | 1 | 7 | _aالأدب القصصي |
| 650 | 1 | 7 | _aالأدب العربي |
| 942 |
_2ddc _cBK |
||
| 999 |
_c36254 _d36254 |
||